Gaming Quiz

Random Gaming Quiz

Call of Duty Pack-A-Punch Weapons Quiz Stats

 Plays Quiz not verified by Sporcle

Challenge
Share
Tweet
Embed
Score 0/32 Timer 10:00
0 Plays Today
% Correct
Zeus Cannon
63.8%
Mustang & Sally
57.1%
Predator
55.8%
Cobra
51.7%
Porter's X2 Ray Gun
51.7%
Spaz-24
44.2%
China Beach
41.9%
Hades
39.7%
The Afterburner
37.6%
Skullcrusher
37.4%
EPC WN
35.8%
AK74fu2
33.9%
Calamity
31.9%
Winter's Fury
31.9%
Calamity & Jane
30.1%
Raid
29.9%
% Correct
Tokyo & Rose
24.7%
Awful Lawton
24.5%
Mnesia
23.7%
M72 Anarchy
23.7%
AUG-50M3
21.1%
R115 Resonator
19.8%
Typhoid & Mary
19.8%
G115 Generator
16%
H115 Oscillator
14.1%
MP115 Kollider
13.3%
MPL-LF
10.8%
D115 Disassembler
10.2%
L115 Isolator
8.8%
G16-GL35
8.2%
Lemantation
5.7%
The Krause Refibrillator
3.9%

You're not logged in!

Compare scores with friends on all Sporcle quizzes.
OR
Log In

You Might Also Like...

Show Comments

Extras

Created Feb 1, 2011ReportNominate
Tags:black, ops, weapons

Top Quizzes Today


Score Distribution

Your Account Isn't Verified!

In order to create a playlist on Sporcle, you need to verify the email address you used during registration. Go to your Sporcle Settings to finish the process.

Report this User

Report this user for behavior that violates our Community Guidelines.

Details: